| 000 | 00718nam a22002057a 4500 | ||
|---|---|---|---|
| 005 | 20240530110341.0 | ||
| 008 | 141110s2011 ua gr 000 p ara d | ||
| 017 |
_a24532/2010 _bمصر . دار الكتب المصرية |
||
| 020 | _a978977488108 | ||
| 040 | _aEG-CaGPL | ||
| 082 | 0 | 4 |
_221 _a811.082\ _bع ى |
| 100 | 0 | _aعصام علم الدين | |
| 245 | 1 | 0 |
_aيا فلسطين اعملى معروف : _bانتفاضة بالعامية المصرية / _cعصام علم الدين |
| 250 | _aط 1 | ||
| 260 |
_aالقاهرة : _bدار اكتب للنشر والتوزيع ، _c2011 |
||
| 300 |
_a174 ص ؛ _c20 سم |
||
| 650 | 0 | 4 | _aالشعر العربى |
| 942 |
_2ddc _cBK |
||
| 999 |
_c59877 _d59877 |
||